Proměňte svou nejistotu v sílu Jak překonat strach z hodnocení a přestat se podceňovat

Saved in:
Bibliographic Details
Main Author Otto, Anne
Format Electronic eBook
LanguageCzech
Published Grada 2026
Edition1. elektronické vydání
Subjects
Online AccessDostupné v BOOKPORT po přihlášení pomocí eduID
ISBN978-80-271-6451-6
978-80-271-5992-5
Physical Description1 online zdroj (208 stran)

Cover

LEADER 00000nam a2200000 i 4500
001 bkp15108
003 CZ-prgp
005 20260522152537.0
006 m o d
007 cr cn
008 260522s2026 xr o 000 0 cze
020 |a 978-80-271-6451-6  |c 297 Kč  |q (online ; pdf) 
020 |a 978-80-271-5992-5  |c 349 Kč  |q (print) 
040 |a Grada  |b cze  |e rda 
100 1 |a Otto, Anne 
245 1 0 |a Proměňte svou nejistotu v sílu  |b Jak překonat strach z hodnocení a přestat se podceňovat  |c Anne Otto 
250 |a 1. elektronické vydání 
264 1 |b Grada  |c 2026 
300 |a 1 online zdroj (208 stran) 
336 |a text  |b txt  |2 rdacontent 
337 |a počítač  |b c  |2 rdamedia 
338 |a online zdroj  |b cr  |2 rdacarrier 
520 3 |a Cítíte se v sociálních situacích nejistí? Nejste sami! Strach z trapnosti či hodnocení druhými je mnohem běžnější, než si připouštíme. Tato kniha vám ukáže, že nejistotu nemusíte překonávat. Pomocí praktických cvičení vás ji naučí přijmout, porozumět jí a proměnit ji v sílu, která prohloubí vaše vztahy k ostatním i vztah k sobě samým. 
650 0 4 |a Komunikační dovednosti 
650 0 4 |a Sebedůvěra a emoce 
650 0 4 |a Štěstí a pozitivní myšlení 
650 0 4 |a Vztahy, láska, rodina 
856 4 0 |u https://www.bookport.cz/AccountSaml/SignIn/?idp=https://shibboleth.utb.cz/idp/shibboleth&returnUrl=/kniha/promente-svou-nejistotu-v-silu-16109/  |y Dostupné v BOOKPORT po přihlášení pomocí eduID